CAF Members - Only Flags will Appear - Statistics

General Stats
  • This quiz has been taken 291 times
  • The average score is 52 of 56
Answer Stats
CAF Members % Correct
Algeria
99%
Senegal
99%
Egypt
98%
Guinea
98%
Morocco
98%
Benin
97%
Congo
97%
Congo DR
97%
Niger
97%
Nigeria
97%
Sudan
97%
Gabon
96%
Gambia
96%
Ghana
96%
Mali
96%
Rwanda
96%
South Sudan
96%
Togo
96%
Tunisia
96%
Côte d'Ivoire
95%
Libya
95%
Angola
94%
Burundi
94%
Chad
94%
Guinea-Bissau
94%
Kenya
94%
Liberia
94%
Mauritius
94%
South Africa
94%
Tanzania
94%
Burkina Faso
93%
Cameroon
93%
Cape Verde Islands
93%
Comoros
93%
Eritrea
93%
Ethiopia
93%
Lesotho
93%
Malawi
93%
Sierra Leone
93%
Somalia
93%
Zambia
93%
Central African Republic
92%
Djibouti
92%
Madagascar
92%
São Tomé and Príncipe
92%
Uganda
92%
Zimbabwe
92%
Mauritania
91%
Mozambique
91%
Namibia
91%
Equatorial Guinea
90%
Botswana
89%
Seychelles
89%
Swaziland
84%
Réunion
60%
Zanzibar
57%
No matching quizzes found
Score Distribution
Percent of People with Each Score
Percentile by Number Answered
Your Score History
You have not taken this quiz